Zoznam firemných časopisov dochádzajúcich do SlTK

Bibliographic Details
Main Authors: Krendlová, Helena (Author), Svetlíková, Zuzana (Author)
Format: Book
Language:Slovak
PhysicalDescription:240 s. 29 cm
Published: Bratislava SlTK 1980
Edition:1. vyd.
Series:Tematické súpisy. Séria A - súborné bibliografie
Subjects:

MARC

LEADER 00000cam a2200000 a 4500
001 vtls001108955
003 SK-MaSNL
005 20260301094546.0
008 251029s1980 xo f b 001 0 slo
015 |a SNBA1980 
020 |q (brož.) 
035 |a SNK000051797 
035 |a urn:nbn:sk:snk-am3hb5g 
035 |a 457EA967-99C3-4F87-BD3A-16BCA489F0BB 
035 |a urn:nbn:sk:snk-am008x82 
040 |a SNK  |b slo  |c SNK  |e AACR2 
041 0 |a slo 
044 |a xo  |c SK 
080 |a 05(027.54.021)(437.612):016  |2 1981 
080 |a 016  |2 1981 
080 |a 05(027.54.021)(437.612)  |2 1981 
100 1 |a Krendlová, Helena  |4 aut  |9 378214 
245 1 0 |a Zoznam firemných časopisov dochádzajúcich do SlTK  |c Helena Krendlová, Zuzana Svetlíková 
250 |a 1. vyd. 
260 |a Bratislava  |b SlTK  |c 1980 
300 |a 240 s.  |c 29 cm 
366 |e 500 výt. 
490 1 |a Tematické súpisy. Séria A - súborné bibliografie  |v č. 48 
504 |a Bibliogr. odkazy ; reg. 
610 2 7 |a Slovenská technická knižnica  |2 SNKKA  |9 84849 
650 0 7 |a firemné časopisy  |2 SNKPH  |9 64192 
655 7 |a bibliografie  |2 SNKPH  |9 28668 
700 1 |a Svetlíková, Zuzana  |4 aut  |9 428524 
830 0 |a Tematické súpisy. Séria A - súborné bibliografie  |9 428525 
852 |a Slovenská národná knižnica 
958 |a OND 
958 |a NB 
958 |a SF 
999 |c 680657  |d 682587 
952 |a SNK  |b SNK  |y PREZ  |7 0  |p 17A0998273  |o snkSB 30187  |i snkKSP 5578/80  |0 0  |1 0  |4 0  |d 2014-10-23  |f 1  |l 0  |r 2025-04-03 00:00:00  |w 2026-02-23 
952 |a SNK  |b SNK  |y VYP  |7 0  |o snkSB 30187 D1  |i snkKSP 5579/80  |0 0  |1 0  |4 0  |d 2014-10-23  |l 0  |r 2026-02-23 19:55:44  |w 2026-02-23